Kinematics, dynamics, and design of machinery / (Record no. 10339)

MARC details
000 -LEADER
fixed length control field 00922cam a2200289 i 4500
003 - CONTROL NUMBER IDENTIFIER
control field IMU CC
005 - DATE AND TIME OF LATEST TRANSACTION
control field 20260223094039.0
008 - FIXED-LENGTH DATA ELEMENTS--GENERAL INFORMATION
fixed length control field 151201s2016 enka b 001 0 eng
020 ## - INTERNATIONAL STANDARD BOOK NUMBER
International Standard Book Number 9781118933282
040 ## - CATALOGING SOURCE
Original cataloging agency IMU CC
Language of cataloging eng
Description conventions rda
041 0# - LANGUAGE CODE
Language code of text/sound track or separate title eng
082 00 - DEWEY DECIMAL CLASSIFICATION NUMBER
Edition number 23
Classification number 621.81
Item number WAL
100 1# - MAIN ENTRY--PERSONAL NAME
Personal name Waldron, Kenneth J.
9 (RLIN) 4222
245 10 - TITLE STATEMENT
Title Kinematics, dynamics, and design of machinery /
Statement of responsibility, etc. Kenneth J. Waldron; Gary L. Kinzel; Sunil K. Agrawa
250 ## - EDITION STATEMENT
Edition statement 3rd ed.
260 ## - PUBLICATION, DISTRIBUTION, ETC.
Place of publication, distribution, etc. Chichester, West Sussex, United Kingdom :
Name of publisher, distributor, etc. Wiley,
Date of publication, distribution, etc. 2016.
300 ## - PHYSICAL DESCRIPTION
Extent xiv, 703 p.:
Other physical details ill;
Dimensions 29 cm
336 ## - CONTENT TYPE
Content type term text
Content type code txt
Source rdacontent
504 ## - BIBLIOGRAPHY, ETC. NOTE
Bibliography, etc. note Includes bibliographical references and index.
650 #0 - SUBJECT ADDED ENTRY--TOPICAL TERM
Topical term or geographic name entry element Machinery, Kinematics of.
9 (RLIN) 4223
650 #0 - SUBJECT ADDED ENTRY--TOPICAL TERM
Topical term or geographic name entry element Machinery, Dynamics of.
9 (RLIN) 4224
650 #0 - SUBJECT ADDED ENTRY--TOPICAL TERM
Topical term or geographic name entry element Machine design.
9 (RLIN) 3138
700 1# - ADDED ENTRY--PERSONAL NAME
Personal name Kinzel, Gary L.,
700 1# - ADDED ENTRY--PERSONAL NAME
Personal name Agrawal, Sunil Kumar.
9 (RLIN) 4226
856 ## - ELECTRONIC LOCATION AND ACCESS
Link text BK
942 ## - ADDED ENTRY ELEMENTS (KOHA)
Koha item type Books
Source of classification or shelving scheme Dewey Decimal Classification
Holdings
Withdrawn status Lost status Source of classification or shelving scheme Damaged status Not for loan Home library Current library Shelving location Date acquired Source of acquisition Cost, normal purchase price Total Checkouts Full call number Barcode Date last seen Price effective from Koha item type
    Dewey Decimal Classification     IMU Chennai Semmencherry Library IMU Chennai Semmencherry Library General Stacks 04/11/2025 M/s. T V Enterprises; 414/25-26 Dt.13.10.2025 12582.00   621.81 WAL 24084 04/11/2025 04/11/2025 Reference book
    Dewey Decimal Classification     IMU Chennai Semmencherry Library IMU Chennai Semmencherry Library General Stacks 04/11/2025 M/s. T V Enterprises; 414/25-26 Dt.13.10.2025 12582.00   621.81 WAL 24085 04/11/2025 04/11/2025 Reference book
    Dewey Decimal Classification     IMU Chennai Semmencherry Library IMU Chennai Semmencherry Library General Stacks 04/11/2025 M/s. T V Enterprises; 414/25-26 Dt.13.10.2025 12582.00   621.81 WAL 24086 04/11/2025 04/11/2025 Reference book
    Dewey Decimal Classification     IMU Chennai Semmencherry Library IMU Chennai Semmencherry Library General Stacks 04/11/2025 M/s. T V Enterprises; 414/25-26 Dt.13.10.2025 12582.00   621.81 WAL 24087 04/11/2025 04/11/2025 Reference book
    Dewey Decimal Classification     IMU Chennai Semmencherry Library IMU Chennai Semmencherry Library General Stacks 04/11/2025 M/s. T V Enterprises; 414/25-26 Dt.13.10.2025 12582.00   621.81 WAL 24088 04/11/2025 04/11/2025 Reference book
Copyright © 2024. Central Library, Indian Maritime University, Chennai Campus
Koha version: 24.05.03